000 00758 a2200229 4500
005 20180312142018.0
008 140512s1991 sp ||||gr|||| 00| j spa d
020 _a8420447145
040 _aCO-BoUCM
_bspa
_cJose A. Gerena
_dJose A. Gerena
041 _aspa
100 1 _aAlcántara, Ricardo
_940274
245 1 3 _aEl aguijón del diablo
_cRicardo Alcántara
260 _c1991
_bAlfaguara
_aMadrid (España)
300 _a150 páginas
490 _aJuvenil Alfaguara
_v423
650 7 _915550
_aFamilia en la literatura
650 7 _918753
_aLiteratura uruguaya
650 7 _97795
_aLiteratura juvenil
690 _942866
_aLiteratura latinoamericana
942 _a18
_cLIBRO
_e1
_mA353ag
_2DEWEY
_h868.44
_n0
999 _c242668
_d242668